书目信息 |
| 题名: |
土地与景观-理论基础·评价·规划
|
|
| 作者: | 赵弈 编 | |
| 分册: | ||
| 出版信息: | 北京 科学出版社 2005.11 |
|
| 页数: | ||
| 开本: | 16开 | |
| 丛书名: | ||
| 单 册: | ||
| 中图分类: | P901 | |
| 科图分类: | ||
| 主题词: | 自然地理学--理论 , 自然地理学--方法 | |
| 电子资源: | ||
| ISBN: | 7-03-016397-4 | |
| 000 | 00581nam0 2200193 450 | |
| 001 | 0736196517 | |
| 005 | 20070924100316.51 | |
| 010 | @a7-03-016397-4@d¥58.00 | |
| 100 | @a20070924d km y0chiy0120 ea | |
| 101 | 0 | @achi |
| 200 | 1 | @a土地与景观-理论基础·评价·规划@Atu di yu jing guan-li lun ji chu·ping jia·gui hua@f赵弈 等编@Fzhao yi deng bian |
| 210 | @a北京@c科学出版社@d2005.11 | |
| 215 | @d16开 | |
| 606 | 0 | @a自然地理学@x理论 |
| 606 | 0 | @a自然地理学@x方法 |
| 690 | @aP901@v3 | |
| 701 | 0 | @a赵弈@Azhao yi@4编 |
| 801 | 0 | @aCN@bPFT@c20070924 |
| 905 | @a213230@dP901@eZY12@f1 | |
| 土地与景观-理论基础·评价·规划/赵弈 等编.-北京:科学出版社,2005.11 |
| 16开 |
| ISBN 7-03-016397-4:¥58.00 |
| ● |
| 相关链接 |
|
|
|
|
正题名:土地与景观-理论基础·评价·规划
索取号:P901/ZY12
 
预约/预借
| 序号 | 登录号 | 条形码 | 馆藏地/架位号 | 状态 | 备注 |
| 1 | 7901809 | 279018091 | 资源管理系资料室/ [索取号:P901/ZY12] | 在馆 |